Flagi z największą liczbą gwiazd - Statystyki

Ogólne statystyki
  • Ten quiz został rozwiązany 11 703 razy
  • Średni wynik to 9 z 23
Statystyki odpowiedzi
# Państwo % Poprawnych
50 Stany Zjednoczone
98%
4 Nowa Zelandia
85%
6 Australia
84%
5 Chiny
82%
9 Bośnia i Hercegowina
70%
4 Mikronezja
62%
9 Tuvalu
52%
8 Wenezuela
51%
5 Honduras
46%
5 Samoa
38%
5 Papua-Nowa Gwinea
36%
27 Brazylia
33%
6 Kosowo
31%
12 Uzbekistan
29%
5 Wyspy Salomona
29%
10 Republika Zielonego Przylądka
21%
5 Turkmenistan
19%
7 Tadżykistan
15%
7 Grenada
13%
5 Singapur
13%
4 Komory
11%
10 Dominika
9%
6 Gwinea Równikowa
5%
Nie znaleziono quizów pasujących do podanych kryteriów
Rozkład punktacji
Procent ludzi z każdym wynikiem
Percentyl według liczby udzielonych odpowiedzi
Twoja historia wyników
Nie rozwiązałeś tego quizu